Cuentos ciclistas.

Gespeichert in:
Bibliographische Detailangaben
1. Verfasser: Corral y Mairá, Manuel
Format: Buch
Sprache:Spanisch
Erschienen: Madrid : Librería de Fernando Fe, c.1897
Katalog:MANES:  Suchergebnis im Bibliothekskatalog
Schulbuchspezifische Eigenschaften:
Tags: Tag hinzufügen
Keine Tags, Fügen Sie den ersten Tag hinzu!
Hinzugefügt zu:08.03.2026
Geändert in:09.03.2026

MARC

LEADER 00000nam a22000007a 4500
003 OSt
005 20260309123835.0
008 260309b |||||||| |||| 00| 0 spa d
040 |a centro_manes  |c Aula Museo de la Universidad de Oviedo 
100 |a Corral y Mairá, Manuel  |9 46407 
245 |a Cuentos ciclistas.  
260 |a Madrid :   |b Librería de Fernando Fe,   |c c.1897 
300 |a 133 p.   |c 17 x 11,5 cm.  
500 |a Papel. El autor es Vice-cónsul de la unión velocipédica española. Redactor y colaborador de La Correspondencia de España y La Última Moda, El Veloz-Sport, Barcelona cómica, La Correspondencia Militar y la Correspondencia alicantina. En contracubierta posterior: “Alicante: 1897.- Imprenta de Antonio Reus”. Disponible en pdf en: https://digibug.ugr.es/bitstream/handle/10481/7932/b-028-629.pdf?sequence=1&isAllowed=y 
546 |a España 
690 |a EyL 
691 |a PRI 
942 |2 ddc  |c BK 
999 |c 105437  |d 105437 
999 |c manes:105437  |d 105437